Underpricing: fenomén spojený s realizací IPO
Underpricing - jedna v súčasnosti z najdiskutovanejších tém spojená s IPO (Initial public offering - prvotná verejná ponuka). Dopad underpricingu na emitujúce spoločnosti a ich akcionárov. Underpricing na vybraných akciových trhoch. Priemerná hodnota underpricingu v krajinách Európy a mimo Európy. T...
Guardado en:
| Autor principal: | |
|---|---|
| Formato: | Capítulo de libro |
| Lenguaje: | checo |
| Materias: | |
| Etiquetas: |
Sin Etiquetas, Sea el primero en etiquetar este registro!
|
MARC
| LEADER | 00000naa$a2200000$$$4500 | ||
|---|---|---|---|
| 001 | 0100266 | ||
| 005 | 20231128110234.6 | ||
| 041 | 0 | |a cze | |
| 044 | |a CZ | ||
| 245 | 1 | 0 | |a Underpricing: fenomén spojený s realizací IPO |c Tomáš Meluzín |
| 520 | |a Underpricing - jedna v súčasnosti z najdiskutovanejších tém spojená s IPO (Initial public offering - prvotná verejná ponuka). Dopad underpricingu na emitujúce spoločnosti a ich akcionárov. Underpricing na vybraných akciových trhoch. Priemerná hodnota underpricingu v krajinách Európy a mimo Európy. Teoretické prístupy k vysvetleniu existencie underpricingu. | ||
| 610 | 2 | 0 | |a spoločnosti akciové |
| 610 | 2 | 0 | |a akcie |
| 610 | 2 | 0 | |a akcionári |
| 610 | 2 | 0 | |a emitenti |
| 610 | 2 | 0 | |a kurz burzový |
| 610 | 2 | 0 | |a investície |
| 610 | 2 | 0 | |a investori |
| 100 | 1 | |a Meluzín, Tomáš | |